[Event "Brasilia Regional Centro Oeste"]
[Site "Brasilia"]
[Date "2014.05.11"]
[Round "4"]
[White "Vargas, Carlos V Valcarcel"]
[Black "Sampaio Filho, Joao Rodrigues"]
[Result "0-1"]
[WhiteElo "1786"]
[BlackElo "1761"]
[PlyCount "34"]
[EventDate "2014.05.09"]
[EventType "swiss"]
[EventRounds "5"]
[EventCountry "BRA"]
[SourceTitle "CBM 160 Extra"]
[Source "ChessBase"]
[SourceDate "2014.07.01"]
[SourceVersion "1"]
[SourceVersionDate "2014.07.01"]
[SourceQuality "1"]

1. e4 c5 2. Nf3 d6 3. b3 e6 4. Bb2 Nf6 5. Nc3 Be7 6. d4 cxd4 7. Nxd4 a6 8. Bd3 b5 9. Qf3 Bb7 10. h3 Nbd7 11. 0-0-0 Nc5 12. Qg3 0-0 13. f3 b4 14. Nb1 Qb6 15. Ne2 a5 16. a4 Rac8 17. e5 Nxb3# 0-1